Les grands événements de 1995 à 1999 - Statistiques

Statistiques générales
  • Ce quiz a été pris 7 fois
  • Le résultat moyen est 46 sur 75
Statistiques - réponses
Question Réponse % Correct
Le 25 juillet, attentat de la station St Michel à Paris - 8 morts 1995
100%
17 octobre - Attentat dans le RER C 1995
100%
23 novembre - Mort de Louis Malle 1995
100%
29 septembre - Sortie de la Playstation en Europe 1995
100%
25 novembre - Mort de Léon Zitrone 1995
100%
Le 24 novembre, début de la grève des cheminots français qui durera jusqu'en janvier 1995
100%
4 février - Mort de Patricia Highsmith 1995
100%
4 novembre - Assassinat d'Yitzhak Rabin à Tel-Aviv 1995
100%
Laurent Jalabert gagne le Tour d'Espagne le 24 septembre 1995
100%
28 mars - Sortie de l'album D'eux de Céline Dion 1995
100%
17 janvier - Séisme de Kobé au Japon - 6433 morts 1995
100%
8 janvier - Mort de François Mitterrand 1996
100%
2 août - Mort de Michel Debré 1996
100%
1er août - Assassinat de Pierre Claverie, évêque d'Oran 1996
100%
5 septembre - Mort de Mère Teresa 1997
100%
19 août - Début du voyage de Jean-Paul II 1997
100%
31 août - Mort de la princesse Diana à Paris 1997
100%
19 février - Mort de Den Xiaoping 1997
100%
24 novembre - Mort de Barbara 1997
100%
1er juillet - Rétrocession de Hong-Kong à la Chine 1997
100%
4 août - Mort de Jeanne Calment à 122 ans 1997
100%
Tony Blair devient 1er ministre du Royaume-Uni le 2 mai 1997
100%
6 décembre - Mort du sculpteur César 1998
100%
2 février - Mort d'Haroun Tazieff 1998
100%
Le France remporte la coupe du monde de football le 12 juillet 1998
100%
8 novembre - Mort de Jean Marais 1998
100%
7 avril - Mort d'Yves Mourousi 1998
100%
Inondations au Venezuela - entre 15 et 30000 morts le 22 décembre 1999
100%
Incendie du tunnel du Mont-Blanc - 99 morts le 24 mars 1999
100%
23 juillet - Mort de Hassan II 1999
100%
Dernière éclipse solaire totale du millénaire le 11 août 1999
100%
Fin du tour du monde sans escale de Bertrand Piccard le 21 mars 1999
100%
Inauguration de la nouvelle BNF à Paris le 30 mars 1995
50%
1er janvier - Entrée en vigueur de l'OMC 1995
50%
2 février - Mort de Gene Kelly 1996
50%
Transfert des cendre d'André Malraux au Panthéon le 23 novembre 1996
50%
En Inde le 12 novembre, collision en vol de deux avions - 349 morts 1996
50%
Dernier essai nucléaire français le 29 janvier 1996
50%
20 mai - Assassinat des moines de Tibérine 1996
50%
19 décembre - Mort de Marcello Mastroianni 1996
50%
Embargo de l'Union Européenne sur le boeuf britannique à cause de la maladie de la vache folle à partir du 27 mars 1996
50%
Début de la conférence sur le réchauffement climatique de Buenos Aires le 2 novembre 1997
50%
Le 4 décembre, accord d'Ottawa contre les mines antipersonnel - 35 signataires 1997
50%
Parution du 1er tome de la saga Harry Potter le 26 juin 1997
50%
Présentation de la brebis clonée Dolly le 23 février 1997
50%
Claude Cohen-Tannoudji, prix Nobel de Physique le 12 octobre 1997
50%
15 avril - Mort de Pol Pot 1998
50%
Levée de l'embargo sur la viande bovine britannique le 23 novembre 1998
50%
Accords de Nouméa le 5 mai 1998
50%
Frappe de la 1ère pièce en euro le 11 mai 1998
50%
Première diffusion de l'émission Vivement Dimanche le 20 septembre 1998
50%
1er juin - Début d'activité de la Banque Centrale Européenne 1998
50%
20 avril, aux Etats-Unis, fusillade de Colombine 1999
50%
Début du jubilé de l'an 2000 décidé par le pape le 24 décembre 1999
50%
Séisme en Turquie, 7.4 de magnitude - plus de 17000 morts le 17 août 1999
50%
La zone du canal est remise à Panama le 31 décembre 1999
50%
La Hongrie et la Pologne entrent dans l'OTAN le 12 mars 1999
50%
Macao est rétrocédé à la Chine par le Portugal le 20 décembre 1999
50%
7 février - Mort du roi Hussein 1999
50%
23 mai - Apparition du langage Java 1995
0%
Découverte de la première planète extrasolaire le 6 octobre 1995
0%
Incendie de la Fenice à Venise le 29 janvier 1996
0%
Suppression de la peine de mort en Belgique le 10 juillet 1996
0%
Sortie du Bossu de Notre-Dame en France le 27 novembre 1996
0%
L'Espagne et la France entrent dans la structure militaire de l'OTAN le 7 novembre 1996
0%
Le 21 mai, naufrage d'un ferry sur le lac Victoria - 500 morts 1996
0%
20 juin - Admission de la Russie au G7 qui devient le G8 1997
0%
15 mars - Mort du peintre Victor Vasarely 1997
0%
Début de la visite de Jean-Paul II à Cuba le 21 janvier 1998
0%
Accords de paix entre Protestants et Catholiques à Belfast le 10 avril 1998
0%
9 février - Naissance de Marina Kaye 1998
0%
4 janvier - Massacre près de Relizanie, Algérie, par le GIA 1998
0%
1ère élections démocratiques en Indonésie depuis 1955 le 7 juin 1999
0%
18 juin - Début du G7 à Cologne 1999
0%
29 octobre - Super cyclone d'Orissa en Inde - 10000 morts 1999
0%
Aucun quiz correspondant
Distribution des résultats
% des personnes avec chaque résultat
Percentile par nombre de réponses
Votre historique - résultats
Vous n’avez pas pris ce quiz